<?xml version="1.0" encoding="UTF-8"?><?xml-stylesheet type="text/xsl" href="static/style.xsl"?><OAI-PMH xmlns="http://www.openarchives.org/OAI/2.0/" xmlns:xsi="http://www.w3.org/2001/XMLSchema-instance" xsi:schemaLocation="http://www.openarchives.org/OAI/2.0/ http://www.openarchives.org/OAI/2.0/OAI-PMH.xsd"><responseDate>2026-04-13T02:07:23Z</responseDate><request verb="GetRecord" identifier="oai:www.recercat.cat:2445/222342" metadataPrefix="marc">https://recercat.cat/oai/request</request><GetRecord><record><header><identifier>oai:recercat.cat:2445/222342</identifier><datestamp>2025-12-10T00:21:16Z</datestamp><setSpec>com_2072_1057</setSpec><setSpec>col_2072_478917</setSpec></header><metadata><record xmlns="http://www.loc.gov/MARC21/slim" xmlns:dcterms="http://purl.org/dc/terms/" xmlns:xsi="http://www.w3.org/2001/XMLSchema-instance" xmlns:doc="http://www.lyncode.com/xoai" xsi:schemaLocation="http://www.loc.gov/MARC21/slim http://www.loc.gov/standards/marcxml/schema/MARC21slim.xsd">
   <leader>00925njm 22002777a 4500</leader>
   <datafield ind2=" " ind1=" " tag="042">
      <subfield code="a">dc</subfield>
   </datafield>
   <datafield ind2=" " ind1=" " tag="720">
      <subfield code="a">Olmo Campillo, Gemma del</subfield>
      <subfield code="e">author</subfield>
   </datafield>
   <datafield ind2=" " ind1=" " tag="260">
      <subfield code="c">2025-07-17T13:34:37Z</subfield>
   </datafield>
   <datafield ind2=" " ind1=" " tag="260">
      <subfield code="c">2025-07-17T13:34:37Z</subfield>
   </datafield>
   <datafield ind2=" " ind1=" " tag="260">
      <subfield code="c">2012-04</subfield>
   </datafield>
   <datafield ind2=" " ind1=" " tag="520">
      <subfield code="a">Los artículos ofrecidos en esta recopilación se pueden encontrar publicados en la revista Duoda. En concreto, los seleccionados son: Más mujeres que feministas , Feminismo y política de las mujeres y El poder y la política no son lo mismo . Los tres artículos han sido escritos por Luisa Muraro, una de las principales autoras del pensamiento y práctica de la diferencia sexual o, mejor, una de las pensadoras más interesantes del siglo XX. Antonio Negri hace la siguiente afirmación respecto a esta autora:&#xd;
La primera excepción que ha conocido el siglo XX Italiano, la primera fuerza filosófica y política que ha sabido meterle mano a lo real y recobrar las potencias primordiales del Risorgimento y del anticapitalismo, esta excepción ha sido el obrerismo, la obra de Mario Tronti. Luego ha estado, contemporánea, casi escondida pero activa en lo más profundo, otra excepción: el pensamiento feminista de la diferencia desarrollado por Luisa Muraro. Son estos los dos únicos elementos de innovación teórica en la ontología Italiana del siglo XX. Ambos parten de la consideración de las formas fundamentales de la constitución de la explotación, explotación hombre por el hombre y de la mujer por el hombre. Son dos, por tanto, las formas de la explotación: la capitalista y la patriarcal.</subfield>
   </datafield>
   <datafield tag="653" ind2=" " ind1=" ">
      <subfield code="a">Diferències entre sexes</subfield>
   </datafield>
   <datafield tag="653" ind2=" " ind1=" ">
      <subfield code="a">Feminisme</subfield>
   </datafield>
   <datafield tag="653" ind2=" " ind1=" ">
      <subfield code="a">Reculls d'articles de premsa</subfield>
   </datafield>
   <datafield tag="653" ind2=" " ind1=" ">
      <subfield code="a">Sex differences</subfield>
   </datafield>
   <datafield tag="653" ind2=" " ind1=" ">
      <subfield code="a">Feminism</subfield>
   </datafield>
   <datafield tag="653" ind2=" " ind1=" ">
      <subfield code="a">Articles</subfield>
   </datafield>
   <datafield tag="653" ind2=" " ind1=" ">
      <subfield code="a">Muraro, Luisa, 1940-</subfield>
   </datafield>
   <datafield ind2="0" ind1="0" tag="245">
      <subfield code="a">LUISA MURARO. Selección de artículos escritos por Luisa Muraro: Más mujeres que feministas , Feminismo y política de las mujeres y El poder y la política no son lo mismo</subfield>
   </datafield>
</record></metadata></record></GetRecord></OAI-PMH>